Mười nhà kinh doanh đại tài thế giới

Sparad:
Bibliografiska uppgifter
Materialtyp: Bok
Språk:Undetermined
Publicerad: Hà Nội Thanh Niên 2001
Ämnen:
Taggar: Lägg till en tagg
Inga taggar, Lägg till första taggen!
Thư viện lưu trữ: Trung tâm Học liệu Trường Đại học Cần Thơ
LEADER 00506nam a2200181Ia 4500
001 CTU_43681
008 210402s9999 xx 000 0 und d
020 |b 41.00đ 
082 |a 338.092 
082 |b M558 
245 0 |a Mười nhà kinh doanh đại tài thế giới 
245 0 |c Lê Giảng biên dịch 
260 |a Hà Nội 
260 |b Thanh Niên 
260 |c 2001 
650 |a businessmen 
904 |i Minh, 011002 
980 |a Trung tâm Học liệu Trường Đại học Cần Thơ